000 00309nam a22001337a 4500
008 221031b ||||| |||| 00| 0 eng d
041 _aeng
080 _2TWELFTH EDITION
_a51
082 _a51
100 _a20.1
101 _amate
245 _aPRACTICAL BUSINESS MATH PROCEDURE
_cSLATER J
942 _2udc
_cBK
999 _c58697
_d58697